Markesinis and Deakin's Tort law / (Record no. 5341)

MARC details
000 -LEADER
fixed length control field 00646nam a22002057a 4500
008 - FIXED-LENGTH DATA ELEMENTS--GENERAL INFORMATION
fixed length control field 130311t xxu||||| |||| 00| 0 eng d
020 ## - INTERNATIONAL STANDARD BOOK NUMBER
International Standard Book Number 9-7801-9928-6577
082 ## - DEWEY DECIMAL CLASSIFICATION NUMBER
Edition number 22 ed.
Classification number 346.03
Item number DEA
100 ## - MAIN ENTRY--PERSONAL NAME
Personal name Deakin,Simon
9 (RLIN) 7112
245 ## - TITLE STATEMENT
Title Markesinis and Deakin's Tort law /
Statement of responsibility, etc Simon Deakin,Angus Johnston and Basil Markesinis
250 ## - EDITION STATEMENT
Edition statement 6 ed.
260 ## - PUBLICATION, DISTRIBUTION, ETC. (IMPRINT)
Place of publication, distribution, etc USA :
Name of publisher, distributor, etc Oxford University press
Date of publication, distribution, etc 2008
300 ## - PHYSICAL DESCRIPTION
Extent c, 1056 P. ;
Dimensions 24 cm.
500 ## - GENERAL NOTE
General note Includes Index
650 ## - SUBJECT ADDED ENTRY--TOPICAL TERM
Topical term or geographic name as entry element Torts
9 (RLIN) 6845
650 ## - SUBJECT ADDED ENTRY--TOPICAL TERM
Topical term or geographic name as entry element Markesinis and Deakin's Tort law
9 (RLIN) 7113
700 ## - ADDED ENTRY--PERSONAL NAME
Personal name Johnston, Angus
9 (RLIN) 7114
700 ## - ADDED ENTRY--PERSONAL NAME
Personal name Markesinis, Basil
9 (RLIN) 7115
942 ## - ADDED ENTRY ELEMENTS (KOHA)
Source of classification or shelving scheme Dewey Decimal Classification
Item type Books
Holdings
Withdrawn status Lost status Source of classification or shelving scheme Damaged status Not for loan Home library Current library Shelving location Date acquired Total Checkouts Full call number Barcode Date last seen Copy number Price effective from Koha item type Public note
    Dewey Decimal Classification     Law Development Centre Main Library Law Development Centre Main Library Text Books and Laws 03/11/2013   346.03 DEA 4594/2013 03/11/2013 1 03/11/2013 Books Reserve
    Dewey Decimal Classification     Law Development Centre Main Library Law Development Centre Main Library Text Books and Laws 03/11/2013   346.03 DEA 4595/2013 03/11/2013 2 03/11/2013 Books Reserve
    Dewey Decimal Classification     Law Development Centre Main Library Law Development Centre Main Library Text Books and Laws 03/11/2013   346.03 DEA 4596/2013 03/11/2013 3 03/11/2013 Books Reserve
    Dewey Decimal Classification     Law Development Centre Main Library Law Development Centre Main Library Text Books and Laws 03/11/2013   346.03 DEA 4597/2013 03/11/2013 4 03/11/2013 Books Reserve
    Dewey Decimal Classification     Law Development Centre Main Library Law Development Centre Main Library Text Books and Laws 03/11/2013   346.03 DEA 4598/2013 03/11/2013 5 03/11/2013 Books Reserve